Visualizzazione normale
Vista MARC
- Figlie di San Paolo
di Personal Name
Records bibliografici associati: 1
001 - CONTROL NUMBER
- control field: 613
003 - CONTROL NUMBER IDENTIFIER
- control field: IT-RoPau
005 - DATE AND TIME OF LATEST TRANSACTION
- control field: 20130528101140.0
008 - FIXED-LENGTH DATA ELEMENTS
- fixed length control field: 130528|| aca||aabn | a|a d
040 ## - CATALOGING SOURCE
- Original cataloging agency: IT-RoPau
- Transcribing agency: IT-RoPau
100 ## - HEADING--PERSONAL NAME
- Personal name: Figlie di San Paolo
670 ## - SOURCE DATA FOUND
- Source citation: Work cat.: (IT-RoPau): Figlie di San Paolo, Vita paolina nella provincia italiana-fsp 2004, 2004